| 000 | 00000nam##2200000za#4500 |
| 001 | 9.603345 |
| 003 | CaOODSP |
| 005 | 20210624211030 |
| 007 | cr ||||||||||| |
| 008 | 150406|2007||||xxc|||||o f|0| 0 fre|d |
| 040 | |aCaOODSP|bfre |
| 043 | |an-cn--- |
| 086 | 1 |aBT31-4/43-2007F-PDF |
| 110 | 1 |aCanada. |bConseil du trésor. |
| 245 | 10|aRessources humaines et Développement social Canada - budget des dépenses 2006–2007, rapport ministériel sur le rendement |h[ressource électronique] |
| 260 | |bSecrétariat du Conseil du Trésor du Canada |c[2007]. |
| 300 | |a231p.|bfigure, graphique, références, tableaux, photographies, index |
| 490 | 1 |aRapport sur le rendement pour la période se terminant le 31 mars 2007 |
| 590 | |a12-07-Supp|b2012-03-09 |
| 775 | 08|tHuman Resources and Social Development Canada - 2006-2007 estimates, a departmental performance report |w(CaOODSP)9.573123 |
| 776 | 0#|tHuman Resources and Social Development Canada |w(CaOODSP)9.544876 |
| 776 | 0#|tRessources humaines et Développement social Canada |w(CaOODSP)9.544877 |
| 830 | #0|aRapport sur le rendement pour la période se terminant le 31 mars 2007.|w(CaOODSP)9.501686 |
| 856 | 40|ahttp://publications.gc.ca|qPDF|s3.61 Mo|uhttps://publications.gc.ca/collections/collection_2012/sct-tbs/BT31-4-43-2007-fra.pdf |